000 00508nam a2200181Ia 4500
003 GCL
008 140319s9999 xx 000 0 ara d
040 _aGCL /
_cGCL
082 0 4 _a140
_bش ت
100 1 _aشابلد، ف جوردون
245 1 0 _aالتاريخ /
_cشابلد، ف جوردون
700 1 _aعدلى برسوم عبدالملك (مترجم)
300 _a131 ص
490 _aمكتبة الافكار
_v0
650 0 4 _aالفلسفة
650 0 4 _aالتاريخ
942 _2ddc
_cBK
999 _c42680
_d42680